Basic engineering mathematics / (Record no. 182265)
[ view plain ]
| 000 -LEADER | |
|---|---|
| fixed length control field | 02012 a2200229 4500 |
| 003 - CONTROL NUMBER IDENTIFIER | |
| control field | Nust |
| 005 - DATE AND TIME OF LATEST TRANSACTION | |
| control field | 20221018110329.0 |
| 010 ## - LIBRARY OF CONGRESS CONTROL NUMBER | |
| LC control number | 2005283339 |
| 020 ## - INTERNATIONAL STANDARD BOOK NUMBER | |
| International Standard Book Number | 0750665750 (pbk.) |
| 040 ## - CATALOGING SOURCE | |
| Transcribing agency | Nust |
| 082 00 - DEWEY DECIMAL CLASSIFICATION NUMBER | |
| Classification number | 620.00151,BIR |
| 100 1# - MAIN ENTRY--PERSONAL NAME | |
| Personal name | Bird, J. O. |
| 9 (RLIN) | 44903 |
| 245 10 - TITLE STATEMENT | |
| Title | Basic engineering mathematics / |
| Statement of responsibility, etc. | John Bird. |
| 250 ## - EDITION STATEMENT | |
| Edition statement | 4th ed. |
| 260 ## - PUBLICATION, DISTRIBUTION, ETC. | |
| Place of publication, distribution, etc. | Amsterdam ; |
| -- | Boston : |
| Name of publisher, distributor, etc. | Newnes, |
| Date of publication, distribution, etc. | 2005. |
| 300 ## - PHYSICAL DESCRIPTION | |
| Extent | x, 288 p. : |
| Other physical details | ill. ; |
| Dimensions | 25 cm. |
| 505 ## - FORMATTED CONTENTS NOTE | |
| Formatted contents note | Basic Arithmetic (Page-1), Fractions, Decimals and Percentages (Page-6), Indices, Standard Data form and Engineering Notation (Page-14), Calculation and Evaluation of Formulae (Page-21), Computer Numbering Sys (Page-30), Algebra (Page-37), Simple Equations (Page-47), Transportation of Formulae (Page-54), Simultaneous Equations (Page-60), Quadratic Equations (Page-69), Inequalities (Page-77), Straight Line Graphs (Page-83), Graphical Solution of Equations (Page-94), Logarithms (Page-103), Exponential Functions (Page-107), Reduction of Non-Linear Laws to Linear Form (Page-117), Graphs with Logarithmic Scales (Page-124), Geometry and Triangles (Page-131), Introduction to Trigonometry (Page-142), Trigonometric Waveforms (Page-151), Cartesian and Polar Coordinate (Page-162), Areas of Plane Figures (Page-166), The Circle (Page-174), Volumes of Common Solids (Page-180), Irregular Areas and Volumes and Mean Values of Waveforms (Page-191), Triangles and some Practical Applications (Page-198), Vectors (Page-207), Adding of Waveforms (Page-214), Number Sequences (Page-218), Presentation of Statistical Data (Page-226), Measures of Central Tendency and Dispersion (Page-235), Probability (Page-241), Introduction to Differentiation (Page-247), Introduction to Integration (Page-257). |
| 650 #0 - SUBJECT ADDED ENTRY--TOPICAL TERM | |
| Topical term or geographic name entry element | Engineering mathematics. |
| 856 42 - ELECTRONIC LOCATION AND ACCESS | |
| Materials specified | Publisher description |
| Uniform Resource Identifier | <a href="http://www.loc.gov/catdir/enhancements/fy0627/2005283339-d.html">http://www.loc.gov/catdir/enhancements/fy0627/2005283339-d.html</a> |
| 856 42 - ELECTRONIC LOCATION AND ACCESS | |
| Materials specified | Table of contents only |
| Uniform Resource Identifier | <a href="http://www.loc.gov/catdir/enhancements/fy0627/2005283339-t.html">http://www.loc.gov/catdir/enhancements/fy0627/2005283339-t.html</a> |
| 942 ## - ADDED ENTRY ELEMENTS (KOHA) | |
| Source of classification or shelving scheme | |
| Koha item type | Book |
| Withdrawn status | Lost status | Source of classification or shelving scheme | Damaged status | Not for loan | Permanent Location | Current Location | Shelving location | Date acquired | Full call number | Barcode | Date last seen | Price effective from | Koha item type | Public note |
|---|---|---|---|---|---|---|---|---|---|---|---|---|---|---|
| Military College of Signals (MCS) | Military College of Signals (MCS) | General Stacks | 12/12/2016 | 620.00151,BIR | MCS32438 | 12/08/2016 | 12/12/2016 | Book | Almirah No.26, Shelf No.5 |
